000 01461nam a22002177a 4500
001 6708
003 FISKH
005 20250521141232.0
008 250521b cb ||||| |||| 00| 0 eng d
040 _aFISKH
_bkhr
_cFISKH
_dFISKH
082 _a800
100 _aNamhong, Soeung
245 _aជំនឿនិងហុងស៊ុយ /
_cសុឺង​ ណាំហុង
260 _aភ្នំពេញ :
_bសុឺង ណាំហុង ,
_c២០១៣ .
300 _a221 pages :
_bcolor illustrations ;
_c21 cm .
520 _aសៀវភៅ «ជំនឿនិងហុងស៊ុយ» គឺជាការប្រមូលផ្តុំចំណេះដឹងអំពីជំនឿប្រពៃណីខ្មែរ និងវិទ្យាសាស្ត្រហុងស៊ុយ ដែលផ្តោតលើការប្រើប្រាស់ធាតុធម្មជាតិ ដូចជាខ្យល់ និងទឹក ដើម្បីបង្កើតបរិយាកាសល្អសម្រាប់ជីវិតប្រចាំថ្ងៃ។
520 _aThe book "Beliefs and Hong Shui" is a compilation of knowledge about traditional Khmer beliefs and the science of Feng Shui, focusing on the use of natural elements such as wind and water to create a positive environment for daily life.
650 _aជំនឿនិងហុងស៊ុយ
942 _2ddc
_cKHB
_n0
999 _c6708
_d6708